000 00695nab a22002297a 4500
001 21912
003 HDC
007 cr bn ---aaaaa
008 210128c20131010my ||||| |||| 00| 0 may d
040 _aHDC
245 0 _aKilang roti uli tepung guna kaki diarah tutup
336 _atext
_2rdacontent
337 _acomputer
_2rdamedia
338 _aonline resource
_2rdacarrier
650 _aBusiness
_9207
650 _aIslamic law
_9590
710 _aKosmo
856 _zRequest full-text at [email protected]
942 _2lcc
942 _cNEWS
942 _kNWSC 006401
999 _c19228
_d19228